Pakistan divided / (Record no. 129891)

MARC details
000 -LEADER
fixed length control field 00685nam a22002417a 4500
005 - DATE AND TIME OF LATEST TRANSACTION
control field 20170124110104.0
010 ## - LIBRARY OF CONGRESS CONTROL NUMBER
LC control number A-292814
020 ## - INTERNATIONAL STANDARD BOOK NUMBER
Terms of availability 00.00
035 ## - SYSTEM CONTROL NUMBER
System control number A-292814
037 ## - SOURCE OF ACQUISITION
Source of stock number/acquisition Cen Lib/Ret
040 ## - CATALOGING SOURCE
Original cataloging agency DPL
Language of cataloging EN
082 ## - DEWEY DECIMAL CLASSIFICATION NUMBER
Classification number 954.7
Item number SAF
100 ## - MAIN ENTRY--PERSONAL NAME
Personal name Safdar Mahmood
9 (RLIN) 27699
245 ## - TITLE STATEMENT
Title Pakistan divided /
Statement of responsibility, etc by Safdar Mahmood
260 ## - PUBLICATION, DISTRIBUTION, ETC. (IMPRINT)
Place of publication, distribution, etc New Delhi
Name of publisher, distributor, etc Alpha Bravo
270 ## - ADDRESS
Address New Delhi
City New Delhi
Postal code 110017
300 ## - PHYSICAL DESCRIPTION
Extent 227p.
Dimensions 21cm(Hb)
500 ## - GENERAL NOTE
General note Includes bibliographical reference and index
650 ## - SUBJECT ADDED ENTRY--TOPICAL TERM
Topical term or geographic name as entry element Political science
9 (RLIN) 27700
650 ## - SUBJECT ADDED ENTRY--TOPICAL TERM
Topical term or geographic name as entry element India-Pakistan Conflict--(1971)
9 (RLIN) 27701
700 ## - ADDED ENTRY--PERSONAL NAME
9 (RLIN) 27657
942 ## - ADDED ENTRY ELEMENTS (KOHA)
Source of classification or shelving scheme Dewey Decimal Classification
Koha item type English Books
Classification part 954.7
Call number suffix SAF
Holdings
Withdrawn status Lost status Damaged status Not for loan Home library Current library Date acquired Source of acquisition Cost, normal purchase price Total Checkouts Full call number Barcode Date last seen Copy number Cost, replacement price Price effective from Koha item type
        Central Library Central Library 07/07/2015 Cen Lib/Ret 0.00   954.7 SAF A-292814 07/07/2015 1 0.00 07/07/2015 English Books

© Delhi Public Library
Hit Counter
free hit counter